000
00295nam a2200133Ia 4500
008
231129s1970||||xx |||||||||||||| ||spa||
040
_b
spa
082
_a
F844.9 F289c
100
_a
Febvre Lucien
245
0
_a
Combates por la historia
260
_c
1970
264
_a
Ariel
942
_2
ddc
_c
BKS
999
_c
7403
_d
7403